000 00485nam a2200205Ia 4500
003 OSt
005 20140312084237.0
008 140130s9999 xx 000 0 und d
020 _a0439314577
050 _aAG 243
_b.P243 2001
100 _aPackard, Mary
245 _aCreepy Stuff /
_cMary Packard.
260 _bScholastic,
_c2001.
_aNew York :
300 _a87 p. :
_bill. ;
_c18 cm.
440 _v1
521 _aG12
526 _c1100
942 _cBK
_2lcc
999 _c41424
_d41424